Every Song with 1B+ streams on Spotify - Statistics

General Stats
  • This quiz has been taken 48 times
    21 since last reset
  • The average score is 233 of 620
Answer Stats
Artist Year Song % Correct
Kendrick Lamar 2017 LOVE.
93%
Ed Sheeran 2017 Happier
86%
Marshmello ft. Bastille 2018 Happier
86%
Olivia Rodrigo 2021 happier
86%
Pharrell Williams 2014 Happy
86%
Adele 2015 Hello
86%
AC/DC 1979 Highway to H***
86%
50 Cent 2003 In Da Club
86%
24kGoldn ft. iann dior 2021 Mood
86%
Imagine Dragons 2017 Thunder
86%
Coldplay 2000 Yellow
86%
Billie Eilish 2019 bad guy
79%
ABBA 1976 Dancing Queen
79%
BTS 2020 Dynamite
79%
Taio Cruz 2010 Dynamite
79%
Alan Walker 2015 Faded
79%
Drake 2018 God's Plan
79%
Drake ft. Wizkid, Kyla 2016 One Dance
79%
Adele 2011 Rolling in the Deep
79%
Jung Kook ft. Latto 2023 Seven
79%
Ed Sheeran 2017 Shape of You
79%
Kodaline 2013 All I Want
71%
BTS 2021 Butter
71%
Carly Rae Jepsen 2012 Call Me Maybe
71%
Bryson Tiller 2015 Don't
71%
Coolio ft. L.V. 1995 Gangsta's Paradise
71%
Kendrick Lamar 2017 HUMBLE.
71%
Arctic Monkeys 2013 I Wanna Be Yours
71%
Major Lazer ft. DJ Snake, MØ 2015 Lean On
71%
Juice WRLD 2021 Lucid Dreams
71%
Lil Nas X 2021 MONTERO (Call Me By Your Name)
71%
Lil Nas X 2019 Old Town Road
71%
Lil Nas X ft. Billy Ray Cyrus 2019 Old Town Road - Remix
71%
Calvin Harris (with Dua Lipa) 2018 One Kiss
71%
Coldplay 2011 Paradise
71%
Tyler, The Creator ft. Kali Uchis 2017 See You Again
71%
Wiz Khalifa ft. Charlie Puth 2015 See You Again
71%
Eminem ft. Dido 2000 Stan
71%
The Kid LAROI (with Justin Bieber) 2021 Stay
71%
Rihanna ft. Mikky Ekko 2013 Stay
71%
Zedd ft. Alessia Cara 2017 Stay
71%
a-ha 1985 Take on Me
71%
Mark Ronson ft. Bruno Mars 2015 Uptown Funk
71%
Avicii 2013 Wake Me Up
71%
Harry Styles 2019 Watermelon Sugar
71%
Eminem 2002 Without Me
71%
Halsey 2018 Without Me
71%
5 Seconds of Summer 2018 Youngblood
71%
Arctic Monkeys 2007 505
64%
Ariana Grande 2019 7 rings
64%
John Legend 2013 All of Me
64%
Harry Styles 2022 As It Was
64%
Imagine Dragons 2017 Believer
64%
Ed Sheeran 2017 Castle on the Hill
64%
The Chainsmokers ft. Halsey 2016 Closer
64%
OneRepublic 2014 Counting Stars
64%
Tones And I 2019 Dance Monkey
64%
Luis Fonsi ft. Daddy Yankee 2019 Despacito
64%
Luis Fonsi ft. Daddy Yankee, Justin Bieber 2019 Despacito - Remix
64%
Maroon 5 ft. Cardi B 2018 Girls Like You
64%
Eminem ft. Juice WRLD 2020 Godzilla
64%
Bruno Mars 2010 Grenade
64%
Camila Cabello ft. Young Thug 2018 Havana
64%
Drake 2016 Hotline Bling
64%
Lil Nas X ft. Jack Harlow 2021 INDUSTRY BABY
64%
Dua Lipa ft. DaBaby 2020 Levitating
64%
Eminem 2002 Lose Yourself
64%
Billie Eilish ft. Khalid 2018 lovely
64%
Eminem ft. Rihanna 2010 Love The Way You Lie
64%
Flo Rida ft. T-Pain 2008 Low
64%
Dua Lipa 2017 New Rules
64%
Maroon 5 ft. Wiz Khalifa 2012 Payphone
64%
Ed Sheeran 2017 Perfect
64%
Lady Gaga 2008 Poker Face
64%
Imagine Dragons 2012 Radioactive
64%
DaBaby ft. Roddy Ricch 2020 ROCKSTAR
64%
Post Malone ft. 21 Savage 2018 rockstar
64%
XXXTENTACION 2018 SAD!
64%
Doja Cat 2019 Say So
64%
The Chainsmokers ft. Coldplay 2017 Something Just Like This
64%
Maroon 5 2014 Sugar
64%
Robin Shulz ft. Francesco Yates 2015 Sugar
64%
Calvin Harris 2014 Summer
64%
Post Malone ft. Swae Lee 2018 Sunflower
64%
Roddy Ricch 2019 The Box
64%
Eminem 2000 The Real Slim Shady
64%
Macklemore ft. Ryan Lewis, Wanz 2012 Thrift Shop
64%
AC/DC 1990 Thunderstruck
64%
Kesha 2010 TiK ToK
64%
Maroon 5 2014 Animals
57%
Charlie Puth 2018 Attention
57%
Steve Lacy 2022 Bad Habit
57%
Lady Gaga 2009 Bad Romance
57%
Queen 1975 Bohemian Rhapsody
57%
Macklemore ft. Ryan Lewis, Ray Dalton 2012 Can't Hold Us
57%
Red Hot Chili Peppers 2002 Can't Stop
57%
Justin Timberlake 2016 CAN'T STOP THE FEELING!
57%
Fall Out Boy 2015 Centuries
57%
Post Malone 2019 Circles
57%
Elton John ft. Dua Lipa, PNAU 2021 Cold Heart - PNAU Remix
57%
Gnarls Barkley 2006 Crazy
57%
Beyoncé ft. JAY-Z 2003 Crazy In Love
57%
Radiohead 1993 Creep
57%
Aerosmith 1973 Dream On
57%
Miley Cyrus 2023 Flowers
57%
Glass Animals 2020 Heat Waves
57%
Linkin Park 2000 In the End
57%
Ice Cube 1992 It Was A Good Day
57%
Passenger 2013 Let Her Go
57%
Zara Larsson 2017 Lush Life
57%
Eminem 2004 Mockingbird
57%
LISA 2021 MONEY
57%
The Killers 2004 Mr. Brightside
57%
Outkast 2000 Ms. Jackson
57%
Linkin Park 2003 Numb
57%
Ed Sheeran 2014 Photograph
57%
Bastille 2013 Pompeii
57%
Vance Joy 2014 Riptide
57%
Lorde 2013 Royals
57%
MAGIC! 2014 Rude
57%
The Weeknd 2020 Save Your Tears
57%
The Weeknd (with Ariana Grande) 2021 Save Your Tears - Remix
57%
Earth, Wind & Fire 1978 September
57%
Taylor Swift 2014 Shake It Off
57%
Nirvana 1991 Smells Like Teen Spirit
57%
Gotye ft. Kimbra 2011 Somebody That I Used to Know
57%
Lewis Capaldi 2019 Someone You Loved
57%
Lana Del Rey 2012 Summertime Sadness
57%
Lynyrd Skynyrd 1974 Sweet Home Alabama
57%
Hozier 2014 Take Me to Church
57%
Ariana Grande 2018 thank u, next
57%
Eminem ft. Rihanna 2013 The Monster
57%
Avicii 2014 The Nights
57%
Pitbull ft. Kesha 2012 Timber
57%
David Guetta ft. Sia 2011 Titanium
57%
Britney Spears 2003 Toxic
57%
Rihanna ft. JAY-Z 2007 Umbrella
57%
Coldplay 2008 Viva La Vida
57%
Spice Girls 1996 Wannabe
57%
Cardi B ft. Megan Thee Stallion 2020 WAP
57%
Rihanna ft. Drake 2016 Work
57%
Lil Uzi Vert 2017 XO Tour Llif3
57%
Lukas Graham 2016 7 Years
50%
TOTO 1982 Africa
50%
Coldplay 2014 A Sky Full of Stars
50%
AC/DC 1980 Back In Black
50%
Ed Sheeran 2021 Bad Habits
50%
Jessie J (with Ariana Grande, Nicki Minaj) 2014 Bang Bang
50%
Måneskin 2017 Beggin'
50%
Michael Jackson 1982 Billie Jean
50%
The Weeknd 2020 Blinding Lights
50%
Imagine Dragons 2022 Bones
50%
DNCE 2016 Cake By The Ocean
50%
Sia 2015 Chandelier
50%
OMI 2015 Cheerleader - Felix Jaehn Remix Radio Edit
50%
Post Malone ft. Quavo 2016 Congratulations
50%
Katy Perry ft. Juicy J 2013 Dark Horse
50%
Olivia Rodrigo 2021 deja vu
50%
Rihanna 2013 Diamonds
50%
Kendrick Lamar 2017 DNA.
50%
Arctic Monkeys 2013 Do I Wanna Know?
50%
The Chainsmokers ft. Daya 2016 Don't Let Me Down
50%
Olivia Rodrigo 2021 drivers license
50%
Adele 2021 Easy On Me
50%
The Police 1983 Every Breath You Take
50%
Marshmello ft. Anne-Marie 2018 FRIENDS
50%
Ed Sheeran 2017 Galway Girl
50%
Daft Punk ft. Pharrell Williams 2013 Get Lucky
50%
Beyoncé 2008 Halo
50%
Outkast 2003 Hey Ya!
50%
Panic! At The Disco 2018 High Hopes
50%
Shakira ft. Wyclef Jean 2005 Hips Don't Lie
50%
Eagles 1976 Hotel California
50%
Dua Lipa 2017 IDGAF
50%
Black Eyed Peas 2009 I Gotta Feeling
50%
Cardi B ft. Bad Bunny, J Balvin 2018 I Like It
50%
The Goo Goo Dolls 1998 Iris
50%
Backstreet Boys 1999 I Want It That Way
50%
XXXTENTACION 2017 Jocelyn Flores
50%
SZA 2022 Kill Bill
50%
Internet Money ft. Gunna, Don Toliver, NAV 2020 Lemonade
50%
Justin Bieber 2015 Love Yourself
50%
Future 2017 Mask Off
50%
Maroon 5 ft. Christina Aguilera 2011 Moves Like Jagger
50%
Miley Cyrus 2009 Party In The U.S.A.
50%
Justin Bieber ft. Daniel Caesar, Giveon 2021 Peaches
50%
Foster The People 2011 Pumped Up Kicks
50%
Lil Tecca 2019 Ransom
50%
Eminem 2013 Rap God
50%
Katy Perry 2013 Roar
50%
Clean Bandit ft. Sean Paul, Anne-Marie 2016 Rockabye
50%
The Chainsmokers ft. ROZES 2015 Roses
50%
SAINt JHN ft. Imanbek 2019 Roses - Imanbek Remix
50%
Arizona Zervas 2019 ROXANNE
50%
Shawn Mendes ft. Camila Cabello 2019 Señorita
50%
Adele 2011 Set Fire to the Rain
50%
Lady Gaga ft. Bradley Cooper 2018 Shallow
50%
Travis Scott 2018 SICKO MODE
50%
Adele 2011 Someone Like You
50%
Justin Bieber 2015 Sorry
50%
The Weeknd ft. Daft Punk 2016 Starboy
50%
Sam Smith 2014 Stay With Me
50%
Kanye West 2007 Stronger
50%
The Neighbourhood 2013 Sweater Weather
50%
Ava Max 2020 Sweet but Psycho
50%
Eurythmics ft. Annie Lennox, Dave Stewart 1983 Sweet Dreams (Are Made of This)
50%
Clean Bandit ft. Zara Larsson 2017 Symphony
50%
The Weeknd 2015 The Hills
50%
Coldplay 2002 The Scientist
50%
Ed Sheeran 2014 Thinking Out Loud
50%
Bruno Mars 2012 When I Was Your Man
50%
Selena Gomez ft. Marshmello 2017 Wolves
50%
Oasis 1995 Wonderwall
50%
Fifth Harmony ft. Ty Dolla $ign 2016 Work From Home
50%
The Cranberries 1994 Zombie
50%
Juice WRLD 2021 All Girls Are The Same
43%
Mariah Carey 1994 All I Want for Christmas Is You
43%
Smash Mouth 1999 All Star
43%
Kendrick Lamar ft. SZA 2018 All The Stars
43%
21 Savage 2017 Bank Account
43%
Khalid 2018 Better
43%
Post Malone 2018 Better Now
43%
Taylor Swift 2014 Blank Space
43%
Red Hot Chili Peppers 1999 Californication
43%
The Weeknd 2015 Can't Feel My Face
43%
Taylor Swift 2020 cardigan
43%
Nirvana 1991 Come As You Are
43%
Taylor Swift 2019 Cruel Summer
43%
Fleetwood Mac 1977 Dreams
43%
Imagine Dragons (with JID) 2021 Enemy
43%
Tears For Fears 1985 Everybody Wants To Rule The World
43%
Survivor 1982 Eye of the Tiger
43%
Harry Styles 2019 Falling
43%
Trevor Daniel 2018 Falling
43%
Gorillaz 2005 Feel Good Inc.
43%
Katy Perry 2010 Firework
43%
Ariana Grande 2018 God is a Woman
43%
Kanye West ft. Jamie Foxx 2005 Gold Digger
43%
Olivia Rodrigo 2021 good 4 u
43%
Kanye West 2008 Heartless
43%
Twenty One Pilots 2016 Heathens
43%
Doja Cat ft. SZA 2021 Kiss Me More
43%
Wham! 1984 Last Christmas
43%
Taylor Swift 2019 Lover
43%
Maroon 5 2019 Memories
43%
Sheck Wes 2018 Mo Bamba
43%
XXXTENTACION 2018 Moonlight
43%
Imagine Dragons 2018 Natural
43%
Billie Eilish 2016 ocean eyes
43%
The Rolling Stones 1966 Paint It, Black
43%
Desiigner 2016 Panda
43%
Ariana Grande 2020 positions
43%
A$AP Rocky ft. Skepta 2018 Praise The Lord (Da Shine)
43%
Lady Gaga (with Ariana Grande) 2020 Rain On Me
43%
Childish Gambino 2016 Redbone
43%
Twenty One Pilots 2015 Ride
43%
Kate Bush 1985 Running Up That Hill (A Deal With God)
43%
James Arthur 2016 Say You Won't Let Go
43%
Alessia Cara 2015 Scars To Your Beautiful
43%
The White Stripes 2003 Seven Nation Army
43%
Ariana Grande ft. Nicki Minaj 2016 Side To Side
43%
Nicki Minaj 2012 Starships
43%
Dr. Dre ft. Snoop Dogg 1999 Still D.R.E.
43%
Shawn Mendes 2015 Stitches
43%
Twenty One Pilots 2015 Stressed Out
43%
Jonas Brothers 2019 Sucker
43%
Bruno Mars 2016 That's What I Like
43%
Zedd ft. Maren Morris, Grey 2018 The Middle
43%
Eminem ft. Nate Dogg 2002 Till I Collapse
43%
French Montana ft. Swae Lee 2017 Unforgettable
43%
Sam Smith ft. Kim Petras 2022 Unholy
43%
Rihanna ft. Calvin Harris 2012 We Found Love
43%
Logic ft. Alessia Cara, Khalid 2017 1-800-273-8255
36%
Anne-Marie 2018 2002
36%
Bruno Mars 2016 24K Magic
36%
blink-182 1999 All The Small Things
36%
Tom Odell 2013 Another Love
36%
Taylor Swift 2022 Anti-Hero
36%
Duncan Laurence 2020 Arcade
36%
Masked Wolf 2019 Astronaut in the Ocean
36%
Michael Jackson 1982 Beat It
36%
Lil Mosey 2020 Blueberry Faygo
36%
Evanescence 2003 Bring Me To Life
36%
Travis Scott 2018 BUTTERFLY EFFECT
36%
Daddy Yankee ft. Snow 2019 Con Calma
36%
Metro Boomin (with The Weeknd, 21 Savage) 2022 Creepin'
36%
Bad Bunny ft. Jhayco 2020 Dákiti
36%
Imagine Dragons 2012 Demons
36%
Pop Smoke 2019 Dior
36%
Journey 1981 Don't Stop Believin'
36%
ZAYN ft. Sia 2018 Dusk Till Dawn
36%
benny blanco ft. Halsey, Khalid 2018 Eastside
36%
Metallica 1991 Enter Sandman
36%
Kanye West 2016 Father Stretch My Hands Pt. 1
36%
Creedence Clearwater Revival 1969 Fortunate Son
36%
Travis Scott 2016 goosebumps
36%
Tate McRae 2023 greedy
36%
Billie Eilish 2021 Happier Than Ever
36%
Train 2010 Hey, Soul Sister
36%
Travis Scott 2019 Highest In The Room
36%
Coldplay 2015 Hymn For the Weekend
36%
OneRepublic 2022 I Ain't Worried
36%
Mike Posner ft. Seeb 2016 I Took A Pill In Ibiza - Seeb Remix
36%
Måneskin 2021 I WANNA BE YOUR SLAVE
36%
Bruno Mars 2010 Just the Way You Are
36%
Bruno Mars ft. Anderson .Paak, Silk Sonic 2021 Leave The Door Open
36%
DJ Snake ft. Justin Bieber 2016 Let Me Love You
36%
Future ft. Drake 2020 Life Is Good
36%
Bon Jovi 1986 Livin' On A Prayer
36%
Bruno Mars 2012 Locked out of Heaven
36%
Ellie Goulding 2015 Love Me Like You Do
36%
Maroon 5 2014 Maps
36%
DJ Snake ft. Bipolar Sunshine 2016 Middle
36%
Kendrick Lamar ft. Jay Rock 2012 Money Trees
36%
YNW Melly 2018 Murder on My Mind
36%
Flo Rida 2015 My House
36%
J. Cole 2014 No Role Modelz
36%
Rihanna 2010 Only Girl (In The World)
36%
Drake 2017 Passionfruit
36%
Farruko 2021 Pepas
36%
Frank Ocean 2016 Pink + White
36%
Clean Bandit ft. Jess Glynne 2014 Rather Be
36%
Brenda Lee 1964 Rockin' Around The Christmas Tree
36%
Ed Sheeran 2021 Shivers
36%
Harry Styles 2017 Sign of the Times
36%
Clean Bandit ft. Demi Lovato 2018 Solo
36%
Kings of Leon 2008 S** on Fire
36%
One Direction 2013 Story of My Life
36%
Taylor Swift 2014 Style
36%
Jason Derulo ft. Nicki Minaj, Ty Dolla $ign 2017 Swalla
36%
Guns N' Roses 1987 Sweet Child O' Mine
36%
DJ Snake (with Selena Gomez, Cardi B) 2018 Taki Taki
36%
Tyga ft. Offset 2019 Taste
36%
Calvin Harris ft. Rihanna 2016 This Is What You Came For
36%
Bad Bunny 2022 Tití Me Preguntó
36%
Drake ft. Rihanna 2016 Too Good
36%
Shawn Mendes 2016 Treat You Better
36%
Avicii 2015 Waiting For Love
36%
fun. ft. Janelle Monáe 2012 We Are Young
36%
Charlie Puth ft. Selena Gomez 2016 We Don't Talk Anymore
36%
One Direction 2012 What Makes You Beautiful
36%
Billie Eilish 2019 when the party's over
36%
Jack Ü (with Skrillex, Diplo, Justin Bieber) 2015 Where Are Ü Now
36%
Arctic Monkeys 2013 Why'd You Only Call Me When You're High?
36%
Bon Jovi 1986 You Give Love A Bad Name
36%
GAYLE 2021 abcdefu
29%
Harry Styles 2019 Adore You
29%
Marvin Gaye ft. Tammi Terrell 1967 Ain't No Mountain High Enough
29%
Green Day 1994 Basket Case
29%
Ed Sheeran ft. Khalid 2019 Beautiful People
29%
Lewis Capaldi 2019 Before You Go
29%
George Ezra 2014 Budapest
29%
XXXTENTACION 2018 changes
29%
Snow Patrol 2006 Chasing Cars
29%
Sia 2016 Cheap Thrills
29%
System Of A Down 2001 Chop Suey!
29%
Ariana Grande 2016 Dangerous Woman
29%
Don Omar ft. Lucenzo 2010 Danza Kuduro
29%
David Kushner 2023 Daylight
29%
Powfu ft. beabadoobee 2020 death bed (coffee for your head)
29%
Dua Lipa 2020 Don't Start Now
29%
One Direction 2015 Drag Me Down
29%
Lil Baby ft. Gunna 2018 Drip Too Hard
29%
XXXTENTACION 2017 Everybody Dies In Their Nightmares
29%
Lil Peep ft. XXXTENTACION 2018 Falling Down - Bonus Track
29%
Coldplay 2005 Fix You
29%
Kanye West 2007 Flashing Lights
29%
Justin Bieber 2021 Ghost
29%
JVKE 2022 golden hour
29%
The Script ft. will.i.am 2012 Hall of Fame
29%
XXXTENTACION 2018 Hope
29%
BLACKPINK 2020 How You Like That
29%
Ed Sheeran (with Justin Bieber) 2019 I Don't Care
29%
ZAYN ft. Taylor Swift 2017 I Don't Wanna Live Forever
29%
Lauv 2018 I Like Me Better
29%
David Guetta ft. Bebe Rexha 2022 I'm Good (Blue)
29%
Elton John 1983 I'm Still Standing
29%
DJ Khaled ft. Justin Bieber, Quavo, Chance the Rapper, Lil Wayne 2017 I'm the One
29%
Drake 2018 In My Feelings
29%
Julia Michaels 2017 Issues
29%
Lady Gaga ft. Colby O'Donis 2008 Just Dance
29%
P!nk ft. Nate Ruess 2012 Just Give Me A Reason
29%
Katy Perry 2010 Last Friday Night (T.G.I.F.)
29%
Alec Benjamin 2018 Let Me Down Slowly
29%
XXXTENTACION 2017 Look At Me!
29%
Taylor Swift 2017 Look What You Made Me Do
29%
Bebe Rexha ft. Florida Georgia Line 2017 Meant to Be
29%
Bad Bunny ft. Drake 2018 MIA
29%
Justin Timberlake 2013 Mirrors
29%
Axwell /\ Ingrosso 2017 More Than You Know
29%
Coldplay ft. BTS 2021 My Universe
29%
One Direction 2014 Night Changes
29%
Metallica 1991 Nothing Else Matters
29%
Guns N' Roses 1987 Paradise City
29%
Black Sabbath 1970 Paranoid
29%
ZAYN 2016 PILLOWTALK
29%
Nelly Furtado ft.Timbaland 2006 Promiscuous
29%
Post Malone ft. Ty Dolla $ign 2018 Psycho
29%
Juice WRLD 2019 Robbery
29%
Elton John 1972 Rocket Man (I Think It's Going To Be A Long, Long Time)
29%
d4vd 2022 Romantic Homicide
29%
Adele 2015 Send My Love (To Your New Lover)
29%
The Clash 1982 Should I Stay or Should I Go
29%
WALK THE MOON 2014 Shut Up and Dance
29%
Marshmello ft. Khalid 2017 Silence
29%
Keane 2004 Somewhere Only We Know
29%
Gym Class Heroes ft. Adam Levine 2011 Stereo Hearts
29%
Lil Wayne (with Imagine Dragons, Wiz Khalifa, Logic, Ty Dolla $ign, X Ambassadors) 2016 Sucker For Pain
29%
Bryan Adams 1984 Summer of '69
29%
Kali Uchis 2020 Telepatía
29%
Kungs ft. Cookin' On 3 Burners 2016 This Girl
29%
Maroon 5 2002 This Love
29%
Pitbull ft. Ne-Yo 2014 Time of Our Lives
29%
Drake 2020 Toosie Slide
29%
Olivia Rodrigo 2021 traitor
29%
Fetty Wap 2015 Trap Queen
29%
KAROL G ft. Nicki Minaj 2019 Tusa
29%
Guns N' Roses 1987 Welcome To The Jungle
29%
Queen 1977 We Will Rock You
29%
Justin Bieber 2015 What Do You Mean?
29%
Imagine Dragons 2017 Whatever It Takes
29%
Adele 2015 When We Were Young
29%
Doja Cat 2021 Woman
29%
Khalid 2017 Young Dumb & Broke
29%
Kodak Black ft. Offset, Travis Scott 2018 ZEZE
29%
Christina Perri 2011 a thousand years
21%
Imagine Dragons 2018 Bad Liar
21%
Dean Lewis 2018 Be Alright
21%
The Verve 1997 Bitter Sweet Symphony
21%
BTS ft. Halsey 2019 Boy With Luv
21%
Billie Eilish 2019 bury a friend
21%
The Weeknd 2018 Call Out My Name
21%
Rema (with Selena Gomez) 2022 Calm Down
21%
Major Lazer ft. Justin Bieber, MØ 2016 Cold Water
21%
The Neighbourhood 2015 Daddy Issues
21%
Calum Scott 2018 Dancing On My Own
21%
Sam Smith ft. Normani 2019 Dancing With A Stranger
21%
Ruth B. 2017 Dandelions
21%
The Weeknd 2016 Die For You
21%
Queen 1978 Don't Stop Me Now
21%
Foo Fighters 1997 Everlong
21%
Billie Eilish 2019 everything i wanted
21%
Jonas Blue ft. Dakota 2015 Fast Car
21%
Olivia Rodrigo 2021 favorite crime
21%
Pop Smoke ft. Lil Baby, DaBaby 2020 For The Night
21%
Cyndi Lauper 1983 Girls Just Want to Have Fun
21%
Pitbull ft. AFROJACK, Ne-Yo, Ayer 2011 Give Me Everything
21%
Joji 2022 Glimpse of Us
21%
Post Malone ft. Young Thug 2019 Goodbyes
21%
Creedence Clearwater Revival 1970 Have You Ever Seen The Rain
21%
Conan Gray 2020 Heather
21%
The Beatles 1969 Here Comes The Sun
21%
The Lumineers 2012 Ho Hey
21%
Billie Eilish 2017 idontwannabeyouanymore
21%
Post Malone 2016 I Fall Apart
21%
The Weeknd 2016 I Feel It Coming
21%
gnash ft. Olivia O'Brien 2016 i hate you, i love you
21%
Sam Smith 2014 I'm Not The Only One
21%
Dynoro ft. Gigi D'Agostino 2018 In My Mind
21%
Martin Garrix ft. Bebe Rexha 2016 In the Name of Love
21%
Ariana Grande 2016 Into You
21%
Kygo (with Selena Gomez) 2017 It Ain't Me
21%
Whitney Houston 1987 I Wanna Dance with Somebody (Who Loves Me)
21%
Papa Roach 2000 Last Resort
21%
NF 2017 Let You Down
21%
Meghan Trainor ft. John Legend 2015 Like I'm Gonna Lose You
21%
Of Monsters and Men 2012 Little Talks
21%
R.E.M. 1991 Losing My Religion
21%
Danny Ocean 2016 Me Rehúso
21%
Elley Duhé 2020 MIDDLE OF THE NIGHT
21%
JAY-Z ft. Kanye West 2011 Ni**as In Paris
21%
Drake 2018 Nice For What
21%
TLC 1999 No Scrubs
21%
Ariana Grande 2018 no tears left to cry
21%
Ariana Grande 2014 One Last Time
21%
Calvin Harris ft. Ellie Goulding 2014 Outside
21%
Jonas Blue ft. JP Cooper 2018 Perfect Strangers
21%
XXXTENTACION 2017 Revenge
21%
Offset (with Metro Boomin) 2017 Ric Flair Drip
21%
Arctic Monkeys 2013 R U Mine?
21%
Capital Cities 2013 Safe And Sound
21%
Ariana Grande 2014 Santa Tell Me
21%
A Great Big World ft. Christina Aguilera 2014 Say Something
21%
Martin Garrix ft. Dua Lipa 2017 Scared to Be Lonely
21%
Maroon 5 2002 She Will Be Loved
21%
Joji 2018 SLOW DANCING IN THE DARK
21%
Red Hot Chili Peppers 2006 Snow (Hey Oh)
21%
Demi Lovato 2017 Sorry Not Sorry
21%
Ben E. King 1962 Stand By Me
21%
Milky Chance 2014 Stolen Dance
21%
Ariana Grande (with Justin Bieber) 2020 Stuck with U
21%
Lil Nas X 2021 THATS WHAT I WANT
21%
Fleetwood Mac 1977 The Chain
21%
Lord Huron 2015 The Night We Met
21%
Shawn Mendes 2016 There's Nothing Holding Me Back
21%
Rudimental ft. Jess Glynne, Macklemore, Dan Caplen 2018 These Days
21%
Sam Smith 2017 Too Good At Goodbyes
21%
Queen ft. David Bowie 1982 Under Pressure
21%
KALEO 2016 Way down We Go
21%
Post Malone 2016 White Iverson
21%
DJ Khaled ft. Rhanna, Bryson Tiller 2017 Wild Thoughts
21%
U2 1987 With Or Without You
21%
Post Malone 2019 Wow.
21%
Usher ft. Lil Jon, Ludacris 2004 Yeah!
21%
Tate McRae 2020 you broke me first
21%
Lana Del Rey 2013 Young And Beautiful
21%
Snoop Dogg ft. Bruno Mars, Wiz Khalifa 2011 Young, Wild & Free
21%
Dan + Shay (with Justin Bieber) 2019 10,000 Hours
14%
Cigarettes After *** 2017 Apocalypse
14%
Lost Frequencies 2016 Are You With Me
14%
Taylor Swift 2020 august
14%
Selena Gomez 2018 Back To You
14%
Daniel Caesar ft. H.E.R. 2017 Best Part
14%
Topic ft. A7S 2019 Breaking Me
14%
Dua Lipa 2020 Break My Heart
14%
Lewis Capaldi 2019 Bruises
14%
Pedro Capó 2018 Calma - Remix
14%
Anuel AA ft. Daddy Yankee, KAROL G, Ozuna, J Balvin 2019 China
14%
MKTO 2012 Classic
14%
Taylor Swift 2017 Don't Blame Me
14%
Mabel 2019 Don't Call Me Up
14%
Swedish House Mafia ft. John Martin 2012 Don't You Worry Child - Radio Edit
14%
Børns 2015 Electric Love
14%
Eslabon Armado ft. Peso Pluma 2023 Ella Baila Sola
14%
Rihanna ft. Kanye West, Paul McCartney 2015 FourFiveSeconds
14%
SZA 2020 Good Days
14%
Giveon 2020 Heartbreak Anniversary
14%
Plain White T's 2005 Hey There Delilah
14%
blackbear 2019 hot girl bummer
14%
The Fray 2005 How to Save a Life
14%
The Notorious B.I.G. 1997 Hypnotize
14%
Alicia Keys 2003 If I Ain't Got You
14%
Shawn Mendes 2019 If I Can't Have You
14%
JP Saxe ft. Julia Michaels 2019 If the World Was Ending
14%
The Walters 2014 I Love You So
14%
Justin Bieber ft. Quavo 2020 Intentions
14%
James Bay 2014 Let It Go
14%
Hailee Steinfeld (with Alesso, Florida Georgia Line, WATT) 2017 Let Me Go
14%
Major Lazer ft. Nyla, Fuse ODG 2015 Light It Up - Remix
14%
Khalid 2017 Location
14%
Selena Gomez 2020 Lose You To Love Me
14%
Frank Ocean 2012 Lost
14%
Rihanna 2016 Love On The Brain
14%
Adele 2008 Make You Feel My Love
14%
G-Eazy ft. Bebe Rexha 2015 Me, Myself & I
14%
Bad Bunny ft. Chencho Corleone 2022 Me Porto Bonito
14%
J. Cole 2019 Middle Child
14%
M83 2011 Midnight City
14%
J Balvin ft. Willy William 2017 Mi Gente
14%
Bazzi 2018 Mine
14%
Bad Bunny 2022 Moscow Mule
14%
Rihanna 2016 Needed Me
14%
Doja Cat 2021 Need to Know
14%
Sean Paul ft. Dua Lipa 2018 No Lie
14%
The Lumineers 2016 Ophelia
14%
The Chainsmokers 2017 Paris
14%
Jawsh 685 2020 Savage Love (Laxed - Siren Beat)
14%
Beach House 2015 Space Song
14%
Lil Peep 2015 Star Shopping
14%
Hailee Steinfeld ft. Grey, Zedd 2016 Starving
14%
Doja Cat 2019 Streets
14%
Dire Straits 1978 Sultans of Swing
14%
Miguel 2010 Sure Thing
14%
Bruno Mars 2010 Talking to the Moon
14%
Tame Impalaho 2015 The Less I Know The Better
14%
Rauw Alejandro 2021 Todo De Ti
14%
Red Hot Chili Peppers 1991 Under the Bridge
14%
Sia 2016 Unstoppable
14%
Pop Smoke 2020 What You Know Bout Love
14%
Lost Frequencies ft. Calum Scott 2021 Where Are You Now
14%
Avicii ft. Sandro Cavazza 2017 Without You
14%
AC/DC 1980 You Shook Me All Night Long
14%
Lady Gaga 2018 Always Remember Us This Way
7%
Queen 1980 Another One Bites the Dust
7%
Loud Luxury ft. Brando 2017 Body
7%
Van Morrison 1967 Brown Eyed Girl
7%
Post Malone 2018 Candy Paint
7%
Steve Lacy 2017 Dark Red
7%
The Weeknd 2015 Earned It
7%
Bad Bunny 2022 Efecto
7%
Portugal. The Man 2017 Feel It Still
7%
Calvin Harris ft. Pharrell Williams, Katy Perry, Big Sean 2017 Feels
7%
Kygo ft. Conrad Sewell 2016 Firestone
7%
XXXTENTACION ft. Trippie Redd 2017 F*** Love
7%
Surf Curse 2021 Freaks
7%
Meek Mill ft. Drake 2018 Going Bad
7%
Maluma 2020 Hawái
7%
Joel Curry ft. MNEK 2020 Head & Heart
7%
Calvin Harris ft. Disciples 2015 How Deep Is Your Love
7%
Jason Mraz 2008 I'm Yours
7%
Ali Gatie 2019 It's You
7%
J Balvin ft. Bad Bunny 2019 LA CANCIÓN
7%
Jimin 2023 Like Crazy
7%
Shawn Mendes 2016 Mercy
7%
Chris Brown ft. Drake 2019 No Guidance
7%
Drake 2018 Nonstop
7%
Bad Bunny ft. Bomba Estéreo 2022 Ojitos Lindos
7%
Lilly Wood and The ***** ft. Robin Schulz 2014 Prayer in C - Robin Schulz Radio Edit
7%
Calvin Harris (with Sam Smith) 2018 Promises
7%
KAROL G 2023 PROVENZA
7%
Bizarrap ft. Quevedo 2022 Quevedo: Bzrp Music Sessions, Vol. 52
7%
Regard 2019 Ride It
7%
Calvin Harris ft. Frank Ocean, Migos 2017 Slide
7%
Nio Garcia ft. Bad Bunny, Ozuna, Casper Magico, Darell, Nicky Jam 2018 Te Boté - Remix
7%
Tiësto 2020 The Business
7%
Chris Brown 2019 Under The Influence
7%
WILLOW 2015 Wait a Minute!
7%
Jason Derulo 2015 Want to Want Me
7%
J. Cole 2014 Wet Dreamz
7%
Maroon 5 ft. SZA 2018 What Lovers Do
7%
Lil Baby ft. Drake 2018 Yes Indeed
7%
Bad Bunny 2021 Yonaguni
7%
Calum Scott 2018 You Are The Reason
7%
Bad Bunny ft. Tainy 2022 Callaíta
0%
Kina ft. Snøw 2018 Get You The Moon
0%
Post Malone 2016 Go Flex
0%
Jaymes Young 2017 Infinity
0%
Manuel Turizo 2022 La Bachata
0%
Jay Wheeler ft. DJ Nelson, Myke Towers 2020 La Curiosidad
0%
Jhayco ft. J Balvin, Bad Bunny 2019 No Me Conoce - Remix
0%
No matching quizzes found
Score Distribution
Percent of People with Each Score
Percentile by Number Answered
Your Score History
You have not taken this quiz since the last reset